|
|
|
|
| LEADER |
00000cas a2200000 a 4500 |
| 001 |
vtls001369411 |
| 003 |
SK-MaSNL |
| 005 |
20260228155744.0 |
| 008 |
180810d18909999xxuar|p 0 0 0slo d |
| 035 |
|
|
|a SNK000323136
|
| 040 |
|
|
|a SNK
|b slo
|c SNK
|e AACR2
|
| 041 |
0 |
|
|a slo
|
| 044 |
|
|
|a xxu
|c US
|
| 080 |
|
|
|a 2(051)
|2 2011
|
| 080 |
|
|
|a (059)
|2 2011
|
| 080 |
|
|
|a 050
|2 2011
|
| 245 |
0 |
0 |
|a Americký Slovák
|b prvý slovenský americký národný kalendár, pre katolíkov, evanjelikov a grécko-katolíkov
|
| 260 |
|
|
|a Pittsburgh
|b P.V. Rovnianek
|c 1890-
|f Americko-slovenské noviny
|
| 310 |
|
|
|a [1x ročne]
|
| 362 |
0 |
|
|a 1 (1890)-
|
| 650 |
0 |
7 |
|a Slováci v zahraničí
|z Amerika
|2 SNKPH
|9 80882
|
| 655 |
|
7 |
|a náboženské časopisy
|2 SNKPH
|9 70790
|
| 655 |
|
7 |
|a kalendáre
|2 SNKPH
|9 70450
|
| 910 |
|
|
|a snk
|
| 999 |
|
|
|c 438
|d 438
|
| 952 |
|
|
|0 0
|1 0
|4 0
|7 0
|a SNK
|b SNK
|d 1999-08-03
|l 0
|o snkČSC 24/1/1890
|p 17A0204127
|r 2005-01-02 00:00:00
|w 2026-02-21
|y PREZ
|
| 952 |
|
|
|0 0
|1 0
|4 0
|7 0
|a SNK
|b SNK
|d 2002-09-17
|l 0
|o snkČSC 24/1/1890 D1
|p 17A0355710
|r 2005-01-02 00:00:00
|w 2026-02-21
|y PREZ
|